Países más visitados por los británicos - Estadísticas

Estadísticas generales
  • Esta prueba ha sido intentada 6.058 veces
    1.767 desde el último reinicio
  • La puntuación promedio es 14 de 20
Estadísticas de respuestas
# País % Correcto
17,8 M España
100%
3,90 M Estados Unidos
98%
9,16 M Francia
98%
4,89 M Italia
96%
2,44 M Alemania
95%
3,44 M Irlanda
89%
3,96 M Portugal
86%
4,13 M Grecia
83%
2,66 M Países Bajos
82%
1,29 M Bélgica
81%
1,07 M Suiza
78%
2,77 M Polonia
73%
723 mil Austria
68%
3,20 M Turquía
63%
1,94 M India
54%
951 mil Marruecos
51%
797 mil Hungría
45%
1,45 M Rumania
35%
806 mil Chipre
21%
1,31 M Emiratos Árabes Unidos
17%
No se encontraron pruebas coincidentes
Distribución de puntuación
Porcentaje de gente con cada puntuación
Porcentaje por número respondido
Historial de tus puntuaciones
No has intentado esta prueba desde el último reinicio